00591pab a2200181 454500008004000000100001900040245008500059260000900144300001300153362001400166650001800180650003500198650001000233773003400243909001000277999001700287952010500304180718b1998 xxu||||| |||| 00| 0 eng d aShajahan, K.M. aNon-performing assets of banks: have they really declined? and on whose account? c1998 ap.671-74 a21-27 Mar aBanks - India aFinancial institutions - India aBanks aEconomic and Political Weekly a37173 c37173d37173 00104070aIIPAbIIPAd2018-07-19hVolume no: 33, Issue no: 12pAR37505r2018-07-19w2018-07-19yAR